[Event "Spanish Championship"]
[Site "Las Palmas Gran Canaria"]
[Date "2017.10.03"]
[Round "5"]
[White "Gil Quilez, David"]
[Black "Moreno Ruiz, Javier"]
[Result "0-1"]
[BlackTitle "IM"]
[WhiteElo "2197"]
[BlackElo "2464"]
[Board "11"]
[WhiteCountry "ESP"]
[WhiteFideId "2281406"]
[WhiteEloChange "-4"]
[BlackCountry "ESP"]
[BlackFideId "2203146"]
[BlackEloChange "2"]

1. e4 e5 2. Nf3 Nc6 3. Bc4 Bc5 4. c3 Nf6 5. d3 d6 6. Bb3 a6 7. O-O Ba7 8.
Nbd2 O-O 9. h3 Be6 10. Bc2 h6 11. Re1 d5 12. exd5 Nxd5 13. Nc4 f6 14. Ne3
Qd7 15. Nxd5 Bxd5 16. Be3 Bxe3 17. fxe3 Rad8 18. e4 Be6 19. Qe2 Qf7 20. a3
Ne7 21. d4 Ng6 22. Kh2 Nf4 23. Qf2 Qh5 24. d5 Bc8 25. Qh4 Qf7 26. Ng1 Kh7
27. Ne2 g5 28. Qf2 Rg8 29. g4 h5 30. Qf3 hxg4 31. hxg4 Kg7 32. Rh1 Rh8+ 33.
Kg3 Qg6 34. c4 Rh6 35. Kf2 Rdh8 36. Rxh6 Rxh6 37. Nxf4 gxf4 38. Rg1 Rh2+
39. Rg2 Bxg4 40. Qb3 Qh5 41. Rxh2 Qxh2+ 42. Kf1 Qe2+ 43. Kg1 f3 0-1

[Event "Spanish Championship"]
[Site "Las Palmas Gran Canaria"]
[Date "2017.10.03"]
[Round "5"]
[White "Cruz Lledo, Pablo"]
[Black "Rey Malde, Henrique"]
[Result "1-0"]
[WhiteTitle "IM"]
[WhiteElo "2432"]
[BlackElo "2184"]
[Board "12"]
[WhiteCountry "ESP"]
[WhiteFideId "2297361"]
[WhiteEloChange "2"]
[BlackCountry "ESP"]
[BlackFideId "2244969"]
[BlackEloChange "-4"]

1. d4 Nf6 2. e3 c5 3. Bd3 g6 4. Nf3 Bg7 5. O-O O-O 6. Nbd2 cxd4 7. exd4 d5
8. Ne5 Nc6 9. Nxc6 bxc6 10. Nb3 Qd6 11. Qf3 e5 12. dxe5 Qxe5 13. c3 Bg4 14.
Qg3 Qxg3 15. hxg3 Rfe8 16. f3 Bd7 17. Kf2 a5 18. Be3 a4 19. Nc5 Reb8 20.
Rab1 Be8 21. Rfe1 Nd7 22. Na6 Ne5 23. Bf1 Rb7 24. Bd4 Re7 25. Bc5 Rb7 26.
Bd6 Nd7 27. Nc7 Rxc7 28. Bxc7 Nc5 29. Be5 Bd7 30. Bxg7 Kxg7 31. b4 axb3 32.
axb3 Ra2+ 33. Ke3 Bf5 34. Ra1 Rb2 35. b4 Nb3 36. Ra3 Nd2 37. g4 Nb1 38. Ra1
Bc2 39. Bd3 d4+ 40. Kxd4 1-0

[Event "Spanish Championship"]
[Site "Las Palmas Gran Canaria"]
[Date "2017.10.03"]
[Round "5"]
[White "Sanchez Jerez, Emilio Miguel"]
[Black "Ladron De Guevara Pinto, Paolo"]
[Result "0-1"]
[WhiteTitle "FM"]
[BlackTitle "FM"]
[WhiteElo "2140"]
[BlackElo "2414"]
[Board "13"]
[WhiteCountry "ESP"]
[WhiteFideId "2256088"]
[WhiteEloChange "-3"]
[BlackCountry "ESP"]
[BlackFideId "2290847"]
[BlackEloChange "2"]

1. e4 e6 2. d4 d5 3. Nd2 Be7 4. e5 c5 5. c3 cxd4 6. cxd4 Qb6 7. Ndf3 Bd7 8.
Bd3 Nc6 9. Ne2 Nb4 10. Bb1 Bb5 11. O-O Qa6 12. Re1 Nd3 13. Bxd3 Bxd3 14.
Nc3 Rc8 15. a4 Nh6 16. Bxh6 gxh6 17. Qd2 h5 18. Qh6 Bg6 19. Rac1 Kd7 20.
Qf4 Rc6 21. Nxd5 Rxc1 22. Rxc1 exd5 23. e6+ Qxe6 24. Qc7+ Ke8 25. Qb8+ Bd8
26. Re1 Be4 27. Ng5 Qe7 28. h4 f6 29. Nxe4 dxe4 30. Qf4 Kf7 31. Rxe4 Qd7
32. Qf3 Rg8 33. Qxh5+ Kg7 34. d5 Kh8 35. g3 Bb6 36. Kg2 Bc7 37. Re6 Be5 38.
Qf3 Bxb2 39. h5 Qg7 40. d6 Qd7 41. Qe4 Qc6 42. Qxc6 bxc6 43. d7 Bd4 44. a5
Bc3 45. a6 c5 46. h6 Ba5 47. Kf3 Rf8 48. Ke4 Kg8 49. Re7 c4 50. Rg7+ Kh8
51. Re7 Bd8 52. Re8 Kg8 53. Kd4 Kf7 54. Re2 Be7 55. Kxc4 Rd8 56. Kb5 Rxd7
57. Kc6 Rd3 58. Rb2 Rc3+ 59. Kd5 Ra3 60. Kc6 Rxa6+ 61. Kc7 Ra3 62. g4 Rf3
63. Ra2 Bc5 0-1

[Event "Spanish Championship"]
[Site "Las Palmas Gran Canaria"]
[Date "2017.10.03"]
[Round "5"]
[White "Vila Dupla, Aurelio"]
[Black "Garza Marco, Sergio"]
[Result "0-1"]
[WhiteTitle "FM"]
[BlackTitle "IM"]
[WhiteElo "2139"]
[BlackElo "2409"]
[Board "14"]
[WhiteCountry "ESP"]
[WhiteFideId "2203383"]
[WhiteEloChange "-3"]
[BlackCountry "ESP"]
[BlackFideId "2210177"]
[BlackEloChange "2"]

1. Nf3 f5 2. c4 Nf6 3. g3 g6 4. Bg2 Bg7 5. O-O d6 6. d4 O-O 7. Nc3 c6 8.
Re1 Na6 9. Rb1 Ne4 10. Qb3 Kh8 11. Rd1 Nc7 12. Bd2 Qe8 13. Be1 h6 14. Rbc1
Nf6 15. d5 c5 16. Qc2 g5 17. e4 fxe4 18. Nxe4 Nxe4 19. Qxe4 Bxb2 20. Bc3+
Bxc3 21. Rxc3 Bf5 22. Qe2 e5 23. dxe6 Qxe6 24. Qxe6 Nxe6 25. Rxd6 Rad8 26.
Rxd8 Rxd8 27. Rc1 Kg7 28. h3 Kf6 29. Re1 b6 30. Bf1 Nd4 31. Re3 Nc2 32. Rc3
Rd1 33. Kg2 Be4 34. Kg1 Nd4 35. Nxd4 cxd4 36. Ra3 d3 37. f3 d2 0-1

[Event "Spanish Championship"]
[Site "Las Palmas Gran Canaria"]
[Date "2017.10.03"]
[Round "5"]
[White "Perez Perez, Gabriel"]
[Black "Alvarado Diaz, Alejandro"]
[Result "1/2-1/2"]
[BlackTitle "IM"]
[WhiteElo "2037"]
[BlackElo "2407"]
[Board "15"]
[WhiteCountry "ESP"]
[WhiteFideId "32089147"]
[WhiteEloChange "8"]
[BlackCountry "ESP"]
[BlackFideId "2276119"]
[BlackEloChange "-4"]

1. e4 d6 2. d4 Nf6 3. Nc3 e5 4. Nf3 Nbd7 5. Bc4 Be7 6. O-O O-O 7. a4 c6 8.
Ba2 b6 9. d5 cxd5 10. Nxd5 Bb7 11. Re1 Rc8 12. c3 Nc5 13. Nxf6+ Bxf6 14.
Bd5 Qd7 15. a5 b5 16. Bxb7 Qxb7 17. Qd5 Qxd5 18. exd5 b4 19. cxb4 Nd3 20.
Rd1 Nxb4 21. Be3 e4 22. Nd2 Nxd5 23. Nxe4 Bxb2 24. Rab1 Nxe3 25. fxe3 Ba3
26. Nxd6 Rc2 27. Rb3 Bc5 28. Ne4 Re8 29. Nxc5 Rxc5 30. Rd7 1/2-1/2

[Event "Spanish Championship"]
[Site "Las Palmas Gran Canaria"]
[Date "2017.10.03"]
[Round "5"]
[White "Gonzalez Garcia, Zoilo"]
[Black "Vega Gutierrez, Sabrina"]
[Result "1/2-1/2"]
[BlackTitle "IM"]
[WhiteElo "2003"]
[BlackElo "2373"]
[Board "16"]
[WhiteCountry "ESP"]
[WhiteFideId "32027109"]
[WhiteEloChange "8"]
[BlackCountry "ESP"]
[BlackFideId "2219026"]
[BlackEloChange "-8"]

1. d4 d5 2. Bf4 Nf6 3. Nf3 c5 4. e3 Nc6 5. c3 Qb6 6. Qb3 c4 7. Qc2 Bf5 8.
Qc1 e6 9. Nbd2 h6 10. Be2 Be7 11. O-O O-O 12. Bd1 Bd3 13. Re1 Ne4 14. h3 f5
15. Ne5 Nxe5 16. Bxe5 Bh4 17. g3 Bf6 18. Nf3 Bxe5 19. Nxe5 Qd6 20. Kg2 Rfb8
21. f3 Nc5 22. Qd2 b5 23. b4 Nd7 24. Nxd3 cxd3 25. Qxd3 a5 26. e4 fxe4 27.
fxe4 dxe4 28. Qxe4 axb4 29. Bb3 Kh8 30. Qxe6 Qxe6 31. Bxe6 Nf8 32. cxb4
Nxe6 33. Rxe6 Rd8 34. Rd1 Rxa2+ 35. Kf3 Rb2 36. d5 Rxb4 37. d6 Kg8 38. Re7
Kf8 39. Rc7 Ra4 1/2-1/2

[Event "Spanish Championship"]
[Site "Las Palmas Gran Canaria"]
[Date "2017.10.03"]
[Round "5"]
[White "Montero Melendez, Rafael"]
[Black "Menvielle Laccourreye, Augusto"]
[Result "1-0"]
[WhiteTitle "FM"]
[BlackTitle "FM"]
[WhiteElo "2376"]
[BlackElo "2123"]
[Board "17"]
[WhiteCountry "ESP"]
[WhiteFideId "2221772"]
[WhiteEloChange "4"]
[BlackCountry "ESP"]
[BlackFideId "2200317"]
[BlackEloChange "-4"]

1. c4 f5 2. Nc3 Nf6 3. d4 g6 4. h4 d6 5. h5 Bg7 6. h6 Bf8 7. Bg5 c6 8. Bxf6
exf6 9. e3 Be6 10. Bd3 Na6 11. a3 Nc7 12. Nge2 Bf7 13. Qc2 Qd7 14. b4 Be7
15. Nf4 Ne6 16. Nxe6 Qxe6 17. Ne2 Qd7 18. Nf4 a5 19. Rd1 axb4 20. axb4 Qc7
21. Kf1 Qb6 22. Rb1 Ra3 23. g3 O-O 24. g4 Rfa8 25. gxf5 g5 26. Ne6 Ra2 27.
Qd1 Qa7 28. Kg2 Qa3 29. b5 cxb5 30. Rxb5 Be8 31. Rb3 Qa5 32. Qe1 Bc6+ 33.
e4 Qxf5 34. Bb1 R2a3 35. d5 Qg4+ 36. Rg3 Rxg3+ 37. fxg3 Bd7 38. Nd4 Ra3 39.
Qf2 Bd8 40. Nf3 Bb6 41. Qf1 Rb3 42. Bc2 Rc3 43. Bd3 f5 44. Nh2 Qh5 45. exf5
g4 46. Nxg4 Qxg4 47. Rh4 Qg5 48. Qe2 Kf8 49. Rg4 Qe3 50. Rg8+ Kxg8 51. Qg4+
Kf8 52. Qg7+ Ke8 53. Qg8+ Ke7 54. f6+ 1-0

[Event "Spanish Championship"]
[Site "Las Palmas Gran Canaria"]
[Date "2017.10.03"]
[Round "5"]
[White "Gutierrez Olivares, Daniel"]
[Black "Iturbide Arnedo, Oscar"]
[Result "1-0"]
[WhiteTitle "FM"]
[WhiteElo "2349"]
[BlackElo "2111"]
[Board "18"]
[WhiteCountry "ESP"]
[WhiteFideId "2264005"]
[WhiteEloChange "4"]
[BlackCountry "ESP"]
[BlackFideId "2293994"]
[BlackEloChange "-4"]

1. c4 g6 2. d4 Bg7 3. Nc3 d6 4. e4 Nf6 5. f3 O-O 6. Nge2 c5 7. d5 e6 8. Be3
exd5 9. cxd5 a6 10. a4 Nbd7 11. Ng3 h5 12. Be2 h4 13. Nf1 Nh7 14. Nd2 f5
15. exf5 gxf5 16. f4 Qe7 17. Nc4 Rb8 18. Bf2 Bh6 19. g3 Nhf6 20. O-O Ne4
21. Nxe4 fxe4 22. Be3 hxg3 23. hxg3 Qg7 24. g4 Qe7 25. g5 Bg7 26. Bg4 b5
27. Be6+ Rf7 28. Na5 Bb7 29. g6 1-0

[Event "Spanish Championship"]
[Site "Las Palmas Gran Canaria"]
[Date "2017.10.03"]
[Round "5"]
[White "Sanchez Aller, Fernando"]
[Black "Galvan Sarmiento, Jose Luis"]
[Result "1-0"]
[WhiteTitle "FM"]
[WhiteElo "2341"]
[BlackElo "1837"]
[Board "19"]
[WhiteCountry "ESP"]
[WhiteFideId "2222892"]
[WhiteEloChange "2"]
[BlackCountry "ESP"]
[BlackFideId "2212447"]
[BlackEloChange "-2"]

1. e4 e6 2. d4 d5 3. Nc3 Nf6 4. e5 Nfd7 5. f4 c5 6. Nf3 Nc6 7. Be3 Qb6 8.
Na4 Qa5+ 9. c3 b6 10. Bd2 c4 11. b4 Qa6 12. Be2 Be7 13. a3 Nf8 14. Nb2 Bd7
15. O-O Qb7 16. Ng5 h6 17. Nh3 O-O-O 18. Bf3 Qc7 19. Qe2 Nh7 20. f5 Ng5 21.
Nf4 Kb8 22. Nd1 Nxf3+ 23. Qxf3 Bg5 24. Ne3 Ne7 25. Qg3 Bc8 26. fxe6 fxe6
27. h4 Bxf4 28. Rxf4 g6 29. Rf6 Rdg8 30. a4 Qd8 31. a5 b5 32. Qf2 a6 33.
Rf1 Qe8 34. Qe2 Rg7 35. Kf2 Ng8 36. Ke1 Nxf6 37. exf6 Rf7 38. Ng4 Qd8 39.
Qe5+ Qc7 40. Bf4 Qxe5+ 41. Nxe5 Rc7 42. Nxg6 1-0

[Event "Spanish Championship"]
[Site "Las Palmas Gran Canaria"]
[Date "2017.10.03"]
[Round "5"]
[White "Fuentes Perez, Noe"]
[Black "Espinosa Aranda, Angel"]
[Result "0-1"]
[BlackTitle "IM"]
[WhiteElo "1768"]
[BlackElo "2453"]
[Board "20"]
[WhiteCountry "ESP"]
[WhiteFideId "24536334"]
[WhiteEloChange "-2"]
[BlackCountry "ESP"]
[BlackFideId "2278189"]
[BlackEloChange "1"]

1. b3 Nf6 2. Bb2 g6 3. c4 Bg7 4. g3 O-O 5. Bg2 c6 6. e3 d5 7. Ne2 Bf5 8.
cxd5 cxd5 9. d3 Na6 10. O-O Nb4 11. Nf4 Rc8 12. Nc3 Bg4 13. f3 Bd7 14. a3
Nc6 15. Ncxd5 Nxd5 16. Bxg7 Nxe3 17. Qe2 Nxg2 18. Bxf8 Nxf4 19. gxf4 Kxf8
20. Qb2 Qb6+ 21. Kg2 Qd4 22. Qxd4 Nxd4 23. Rac1 Rxc1 24. Rxc1 Bc6 0-1

[Event "Spanish Championship"]
[Site "Las Palmas Gran Canaria"]
[Date "2017.10.03"]
[Round "5"]
[White "Martin Duque, Jesus"]
[Black "Jimenez Almeida, Luis David"]
[Result "1-0"]
[WhiteTitle "FM"]
[WhiteElo "2387"]
[BlackElo "2260"]
[Board "21"]
[WhiteCountry "ESP"]
[WhiteFideId "2208954"]
[WhiteEloChange "6"]
[BlackCountry "ESP"]
[BlackFideId "22242244"]
[BlackEloChange "-6"]

1. e4 e6 2. d4 d5 3. Nd2 Be7 4. e5 c5 5. Qg4 Kf8 6. dxc5 Nc6 7. Ngf3 Nh6 8.
Qh3 f6 9. Nb3 Nf7 10. exf6 Bxf6 11. c3 e5 12. Qg3 Ne7 13. h4 h6 14. h5 Nf5
15. Qh2 Qe7 16. Be2 b6 17. cxb6 axb6 18. g4 N5d6 19. Nh4 Bxh4 20. Qxh4 Qc7
21. O-O Ba6 22. Bxa6 Rxa6 23. f4 1-0

[Event "Spanish Championship"]
[Site "Las Palmas Gran Canaria"]
[Date "2017.10.03"]
[Round "5"]
[White "Garcia Blanco, Omar"]
[Black "Teran Alvarez, Ismael"]
[Result "1-0"]
[WhiteTitle "FM"]
[BlackTitle "IM"]
[WhiteElo "2241"]
[BlackElo "2384"]
[Board "22"]
[WhiteCountry "ESP"]
[WhiteFideId "2287153"]
[WhiteEloChange "14"]
[BlackCountry "ESP"]
[BlackFideId "2204177"]
[BlackEloChange "-14"]

1. e4 c5 2. c3 d5 3. exd5 Qxd5 4. d4 Nc6 5. Nf3 Bf5 6. Be3 Nf6 7. Na3 cxd4
8. Nb5 O-O-O 9. Nbxd4 Ng4 10. Nxc6 Qxc6 11. Qb3 Nxe3 12. fxe3 Be6 13. Qb4
Bd5 14. Qg4+ e6 15. Be2 h5 16. Qg3 h4 17. Qf2 h3 18. g3 Rh6 19. Nd4 Qb6 20.
O-O Rf6 21. Qe1 e5 22. Bg4+ Kb8 23. Nb3 Rxf1+ 24. Kxf1 Qg6 25. Bxh3 Qe4 26.
Qf2 Qh1+ 27. Qg1 Bc4+ 28. Kf2 Qe4 29. Qg2 Qh7 30. Kg1 Bd5 31. Qf1 Qe4 32.
Bg2 Qxe3+ 33. Kh1 Bxg2+ 34. Qxg2 f5 35. Rf1 g6 36. Qf2 Qd3 37. Re1 e4 38.
Kg2 Qd5 39. Qd4 Qxd4 40. Nxd4 Bc5 41. Nb3 Bb6 42. g4 Kc7 43. Rf1 Rf8 44.
Nd2 Bc5 45. h4 e3 46. Nb3 Be7 47. gxf5 Bxh4 48. Nd4 gxf5 49. Rf4 Rg8+ 50.
Kf3 Rg3+ 51. Ke2 Rg2+ 52. Kd3 Bg5 53. Rxf5 Rd2+ 54. Kc4 Bh6 55. Rf6 Rh2 56.
a4 Kd7 57. Rf7+ Kc8 58. b4 a6 59. Re7 Bg5 60. Re5 Bh6 61. Nf5 Bf4 62. Re4
Bg5 63. Nxe3 Bxe3 64. Rxe3 Kb8 65. Rd3 Rh4+ 66. Rd4 Rh3 67. a5 Rg3 68. Rd3
Rg5 69. Kd4 Rh5 70. Re3 Kc7 71. Re5 Rh3 72. c4 Kc6 73. Re6+ Kd7 74. Re3 1-0

[Event "Spanish Championship"]
[Site "Las Palmas Gran Canaria"]
[Date "2017.10.03"]
[Round "5"]
[White "Alcoba, Pablo Alejandro"]
[Black "Tejedor Fuente, Enrique"]
[Result "0-1"]
[BlackTitle "FM"]
[WhiteElo "2131"]
[BlackElo "2368"]
[Board "23"]
[WhiteCountry "ESP"]
[WhiteFideId "32001304"]
[WhiteEloChange "-4"]
[BlackCountry "ESP"]
[BlackFideId "2299100"]
[BlackEloChange "4"]

1. e4 e6 2. d4 d5 3. Nd2 Nc6 4. Ngf3 Nf6 5. e5 Nd7 6. c3 f6 7. exf6 Qxf6 8.
Bb5 Bd6 9. Nf1 a6 10. Bg5 Qf7 11. Ba4 e5 12. dxe5 Ncxe5 13. Nxe5 Bxe5 14.
Ne3 c6 15. O-O O-O 16. f4 Bc7 17. Bc2 Nf6 18. f5 h6 19. Bf4 Bb6 20. Kh1 Bd7
21. g4 Rfe8 22. Ng2 c5 23. h3 Bc6 24. Kh2 Rad8 25. Qc1 d4 26. cxd4 Rxd4 27.
Be3 Bc7+ 28. Kg1 Rc4 29. Bb3 Ree4 30. Qd1 Nd5 31. Bxc4 Rxc4 32. Bf2 Bb8 33.
Ne1 Qc7 34. Nf3 Nf4 35. Re1 Nxh3+ 36. Kg2 Rxg4+ 37. Kxh3 Rg3+ 38. Kh2 Rxf3+
0-1

[Event "Spanish Championship"]
[Site "Las Palmas Gran Canaria"]
[Date "2017.10.03"]
[Round "5"]
[White "Perez Garcia, Roberto"]
[Black "Brito Garcia, Alfredo"]
[Result "1/2-1/2"]
[BlackTitle "IM"]
[WhiteElo "2104"]
[BlackElo "2351"]
[Board "24"]
[WhiteCountry "ESP"]
[WhiteFideId "2217708"]
[WhiteEloChange "6"]
[BlackCountry "ESP"]
[BlackFideId "2200520"]
[BlackEloChange "-6"]

1. d4 Nf6 2. c4 c5 3. d5 b5 4. cxb5 a6 5. bxa6 g6 6. Nc3 Bxa6 7. e4 Bxf1 8.
Kxf1 d6 9. g3 Bg7 10. Kg2 O-O 11. Nf3 Nbd7 12. a4 Ne8 13. Qc2 Nc7 14. h4
Na6 15. h5 Nb4 16. Qe2 Nf6 17. hxg6 hxg6 18. Bh6 Qd7 19. Qd2 Ng4 20. Bxg7
Kxg7 21. Nh4 Rh8 22. Nf5+ Kf6 23. e5+ dxe5 24. Ne4+ Kxf5 25. Qg5+ Kxe4 26.
f3+ Kxd5 27. Rad1+ Kc6 28. Rxd7 Kxd7 29. Rd1+ Kc6 30. Qxg4 e6 31. Qe4+ Nd5
32. Rh1 Rhb8 33. Qxe5 Rb3 34. Rh8 Rxa4 35. Rc8+ Kd7 36. Qh8 Kd6 37. Rd8+
Kc7 38. Qe8 Rxb2+ 39. Kh3 Ra7 40. Rc8+ Kd6 41. f4 Rd7 42. Rxc5 Rbb7 43. Qc8
Ke7 44. Ra5 Rbc7 45. Qh8 Rd8 46. Qh4+ Kd7 47. Qh7 Ke7 48. Qh4+ Kd7 49. Qh7
Ke7 50. Qh4+ Kd7 1/2-1/2

[Event "Spanish Championship"]
[Site "Las Palmas Gran Canaria"]
[Date "2017.10.04"]
[Round "6"]
[White "Anton Guijarro, David"]
[Black "Ibarra Jerez, Jose Carlos"]
[Result "1-0"]
[WhiteTitle "GM"]
[BlackTitle "GM"]
[WhiteElo "2656"]
[BlackElo "2561"]
[Board "1"]
[WhiteCountry "ESP"]
[WhiteFideId "2285525"]
[WhiteEloChange "4"]
[BlackCountry "ESP"]
[BlackFideId "2226332"]
[BlackEloChange "-4"]

1. e4 e5 2. Nf3 d6 3. Bc4 Be7 4. O-O Nf6 5. Re1 Bg4 6. h3 Bh5 7. d3 c6 8.
Nbd2 O-O 9. Nf1 Nbd7 10. Ng3 Bxf3 11. Qxf3 b5 12. Bb3 Ne8 13. Nf5 Nc5 14.
Qg3 Kh8 15. c3 Bf6 16. d4 Nxb3 17. axb3 g6 18. Bh6 Rg8 19. Ne3 exd4 20. Ng4
dxc3 21. bxc3 a5 22. Rad1 Qe7 23. e5 dxe5 24. Nxe5 Bxe5 25. Rxe5 Qf6 26.
Bg5 Qg7 27. Re7 h6 28. Bf4 Qf8 29. Rdd7 Rd8 30. Be5+ Ng7 31. Qf4 1-0

[Event "Spanish Championship"]
[Site "Las Palmas Gran Canaria"]
[Date "2017.10.04"]
[Round "6"]
[White "Moreno Ruiz, Javier"]
[Black "Salgado Lopez, Ivan"]
[Result "0-1"]
[WhiteTitle "IM"]
[BlackTitle "GM"]
[WhiteElo "2464"]
[BlackElo "2627"]
[Board "2"]
[WhiteCountry "ESP"]
[WhiteFideId "2203146"]
[WhiteEloChange "-3"]
[BlackCountry "ESP"]
[BlackFideId "2257327"]
[BlackEloChange "3"]

1. d4 Nf6 2. Bg5 c5 3. d5 d6 4. Nc3 h6 5. Bxf6 exf6 6. e4 a6 7. a4 g6 8.
Bd3 Bg7 9. Nf3 Nd7 10. Nd2 Ne5 11. Be2 g5 12. O-O f5 13. f4 gxf4 14. exf5
Bxf5 15. Nde4 Ng6 16. Bg4 Bxg4 17. Qxg4 Qd7 18. Qh5 O-O-O 19. a5 Rhe8 20.
Na4 Kc7 21. Nb6 Qb5 22. Qf5 Re7 23. Rae1 Qxb2 24. Nxd6 Qd4+ 25. Kh1 Kxd6
26. Nc8+ Rxc8 27. Qxc8 Rxe1 28. Qd8+ Ke5 29. Rxe1+ Kf5 30. Qd7+ Kg5 31.
Qxf7 Qf2 32. Rb1 Qxc2 33. Qxb7 f3 34. gxf3 Be5 35. f4+ Bxf4 36. Rg1+ Kh4
37. Rg2 Qd1+ 38. Rg1 Qf3+ 39. Rg2 Be3 40. Qb1 Nf4 41. Qe1+ Kh5 0-1

[Event "Spanish Championship"]
[Site "Las Palmas Gran Canaria"]
[Date "2017.10.04"]
[Round "6"]
[White "Perez Candelario, Manuel"]
[Black "Narciso Dublan, Marc"]
[Result "1-0"]
[WhiteTitle "GM"]
[BlackTitle "GM"]
[WhiteElo "2591"]
[BlackElo "2459"]
[Board "3"]
[WhiteCountry "ESP"]
[WhiteFideId "2210622"]
[WhiteEloChange "3"]
[BlackCountry "ESP"]
[BlackFideId "2201500"]
[BlackEloChange "-3"]

1. e4 d6 2. d4 Nf6 3. Nc3 g6 4. f4 Bg7 5. Nf3 O-O 6. e5 Nfd7 7. Bc4 Nb6 8.
Bb3 dxe5 9. fxe5 c5 10. dxc5 Qxd1+ 11. Nxd1 N6d7 12. e6 Nxc5 13. exf7+ Kh8
14. Bc4 Be6 15. Bxe6 Nxe6 16. Nf2 Nc6 17. c3 Ned8 18. Be3 Nxf7 19. O-O-O
Nd6 20. Rhe1 Rf5 21. Re2 Raf8 22. Nd3 b6 23. Kc2 Kg8 24. a3 Rc8 25. Bf2 Nb5
26. a4 Nd6 27. Rde1 Ra5 28. Kb3 Bf6 29. Bg3 Nb7 30. Bf2 Nd6 31. Nfe5 Nxe5
32. Nxe5 b5 33. axb5 Rxb5+ 34. Ka2 Ra5+ 35. Kb1 Rb5 36. Kc2 a5 37. Nd3 Nc4
38. Ra1 Nxb2 39. Nxb2 Bxc3 40. Kb1 Be5 41. Bg3 Bxg3 42. hxg3 Rc3 43. g4 Rg3
44. Ra4 e5 45. Kc2 Rb4 46. Rxb4 axb4 47. Nd3 Rxg4 48. Nxe5 Rg3 49. Kd2 Kg7
50. Nf3 Kf6 51. Ke3 Rg4 52. Rf2 Ke6 53. Rd2 h5 54. Nd4+ Kd5 55. Nf3+ Kc5
56. Ne5 Rg3+ 57. Kf4 h4 58. Nf3 b3 59. Nxh4 Rc3 60. Nxg6 Rc2 61. Ke3 Kb4
62. Rxc2 bxc2 63. Kd2 Kb3 64. Ne5 1-0

[Event "Spanish Championship"]
[Site "Las Palmas Gran Canaria"]
[Date "2017.10.04"]
[Round "6"]
[White "Castellanos Rodriguez, Renier"]
[Black "Korneev, Oleg"]
[Result "1-0"]
[WhiteTitle "IM"]
[BlackTitle "GM"]
[WhiteElo "2481"]
[BlackElo "2550"]
[Board "4"]
[WhiteCountry "ESP"]
[WhiteFideId "3404650"]
[WhiteEloChange "6"]
[BlackCountry "ESP"]
[BlackFideId "4156803"]
[BlackEloChange "-6"]

1. e4 e5 2. Nf3 Nc6 3. Bb5 a6 4. Ba4 Nf6 5. d3 Bc5 6. c3 d6 7. O-O Ba7 8.
Re1 O-O 9. h3 Ne7 10. d4 Ng6 11. Nbd2 b5 12. Bc2 c5 13. Nf1 cxd4 14. cxd4
Re8 15. Be3 Bb7 16. Ng3 exd4 17. Bxd4 Bxd4 18. Qxd4 Ne5 19. Bb3 Nxf3+ 20.
gxf3 Bc8 21. Kh2 Be6 22. Rad1 Bxb3 23. axb3 Nd7 24. f4 Nc5 25. Nf5 Ne6 26.
Qc3 b4 27. Qg3 Qf6 28. Nxd6 Nxf4 29. Nxe8 Rxe8 30. e5 Qh6 31. Re4 Ne6 32.
Rh4 Qg6 33. Qxg6 hxg6 34. Rxb4 g5 35. Rd7 Nc5 36. Rd5 Ne6 37. Rb7 Rf8 38.
b4 Kh7 39. Rd6 Kg6 40. Rxa6 Rc8 41. Raa7 f6 42. Re7 Kf5 43. exf6 Kxf6 44.
Rf7+ Kg6 45. Rf3 Nf4 46. Ra6+ Kh5 47. Ra5 Rc4 48. Rg3 Ne6 49. Re5 Rc6 50.
b5 Rd6 51. Rg4 g6 52. Rxe6 Rxe6 53. Rb4 Rf6 54. Kg3 Rb6 55. Kf3 Kh6 56. Kg4
Rb7 57. b6 Rb8 58. Rb5 Rb7 59. Kf3 Kh5 60. Ke4 Kh4 61. Rb3 1-0

[Event "Spanish Championship"]
[Site "Las Palmas Gran Canaria"]
[Date "2017.10.04"]
[Round "6"]
[White "Forcen Esteban, Daniel"]
[Black "Cruz Lledo, Pablo"]
[Result "1-0"]
[WhiteTitle "GM"]
[BlackTitle "IM"]
[WhiteElo "2528"]
[BlackElo "2432"]
[Board "5"]
[WhiteCountry "ESP"]
[WhiteFideId "2288230"]
[WhiteEloChange "4"]
[BlackCountry "ESP"]
[BlackFideId "2297361"]
[BlackEloChange "-4"]

1. e4 c6 2. Nc3 d5 3. Nf3 Nf6 4. e5 Ne4 5. Ne2 Qb6 6. d4 e6 7. Ng3 c5 8.
Bd3 Nxg3 9. fxg3 cxd4 10. O-O Nc6 11. Qe2 Be7 12. Ng5 Nxe5 13. Qxe5 f6 14.
Qe2 fxg5 15. Bxg5 Bd7 16. Qh5+ g6 17. Bxg6+ Kd8 18. Bf4 Be8 19. Qe5 Rf8 20.
Bxh7 Kd7 21. Bd3 Bf6 22. Qe2 Bg6 23. Bh6 Bxd3 24. cxd3 Rf7 25. Qh5 Ke7 26.
g4 1-0

[Event "Spanish Championship"]
[Site "Las Palmas Gran Canaria"]
[Date "2017.10.04"]
[Round "6"]
[White "Ladron De Guevara Pinto, Paolo"]
[Black "Del Rio De Angelis, Salvador G."]
[Result "1-0"]
[WhiteTitle "FM"]
[BlackTitle "GM"]
[WhiteElo "2414"]
[BlackElo "2524"]
[Board "6"]
[WhiteCountry "ESP"]
[WhiteFideId "2290847"]
[WhiteEloChange "7"]
[BlackCountry "ESP"]
[BlackFideId "2203138"]
[BlackEloChange "-7"]

1. e4 d5 2. exd5 Qxd5 3. Nc3 Qd6 4. d4 Nf6 5. Nf3 g6 6. g3 Bg7 7. Bg2 Qa6
8. Bf4 c6 9. Qd2 Be6 10. Ng5 Bd5 11. Nxd5 cxd5 12. c3 Nc6 13. Bf1 Qa5 14.
Bd3 O-O 15. O-O b5 16. b4 Qb6 17. Qe2 Nh5 18. Be3 h6 19. Nf3 Rab8 20. a4
bxa4 21. Rxa4 Qc7 22. Qa2 e6 23. b5 Ne7 24. Rxa7 Qxc3 25. Be2 Qb4 26. g4
Nf6 27. Bf4 1-0